00419nam a2200169Ia 4500003000400000005001700004008004100021020001800062040000700080041000800087082002200095100003700117245002900154260003600183300001600219365001400235OSt20230329111830.0210423s2008 xx 000 0 und d a9788126516827 cAL aeng a615.19 223bLEED aLEE (David C);WEBB (Michael),Ed. aPharmaceutical analysis. aNew DelhibWiley and Sonsc2008 axiv,364bPB b2995cINR